000 01014nam1a22002411i 4500
001 rc\2934721
005 20240723213805.0
035 _a(NLR Aleph) 007083917
090 _a6504862
_c6504862
100 _a20110822d1933 |||y0rusy50 ca
101 0 _arus
102 _aRU
105 _ay z |||||
200 1 _aИстория народов СССР
_e№ 2-
210 _a[Москва]
_cПарт. изд-во
_d1933
215 _d23 см
225 1 _aУчебно-методическое пособие для заочного обучения и самообразования партактива
_fИн-т массового заоч. обучения парт. актива при ЦК ВКП(б). Заоч. ком. ун-т
300 _aБез тит. л. Описано по обл.
710 0 2 _aИнститут массового заочного обучения партактива
_cМосква
801 0 _aRU
_bNLR
_gpsbo
801 1 _aRU
_bELAR
_2rusmarc
852 _aNLR
_j33-18/161
942 _cBOOK